000 02968cam a2200409 4500500
005 20251228073521.0
041 _afre
042 _adc
100 1 0 _aKaltenbeck, Franz
_eauthor
245 0 0 _aSe mettre à table : à propos des anorexies
260 _c2011.
500 _a27
520 _aRésuméAnorexie et boulimie sont des symptômes qui utilisent l’imaginaire du corps pour suppléer à un décrochage entre le réel et le langage : par exemple, le réel d’une perte ou une impossibilité de communiquer avec l’autre. On présente d’abord dans cet article le symptôme de boulimie d’une jeune fille psychotique. Les repas ritualisés de ce sujet surviennent dans le cadre d’un deuil interminable pour un frère perdu, son double. L’anorexie survenant chez une jeune femme hystérique, dont on parle dans la deuxième partie de cet article, s’explique comme un symptôme rapporté à sa difficulté de se faire entendre par son père. Le rien, cet objet que mange l’anorexique, est repéré dans le discours de cette analysante qui s’insurge contre l’autorité de son père tout en souffrant de ne pas être prise au sérieux par lui. L’analyse a réduit sa préoccupation de son poids à sa « légèreté » aux yeux de son père.
520 _aAnorexia and bulimia are symptoms which use the imaginary space of the body to remedy the split between the real and language : the real of loss, for example, or of the impossibility of communicating with the other. This article will first present the symptom of bulimia in the psychosis of a young girl. The ritualistic meals of this subject are part of an interminable mourning for a lost brother, her double. The second part of the article focuses on a hysterical young woman’s anorexia which is explained as a symptom relating to her difficulty in being heard by her father. The « nothing », that strange object which the anorexic dines upon, is discovered in the words used by the analysand, within her discourse which insurges against the authority of the father while at the same time showing her suffering at not being taken seriously by him. The analysis equated her obsession with weight with her « lightness » in the eyes of her father.
690 _aanorexie
690 _aboulimie
690 _adeuil
690 _anévrose
690 _aperte d'objet
690 _apoids
690 _apsychose
690 _arien comme objet
690 _arite
690 _atrouble d'énonciation
690 _aanorexia
690 _abulimia
690 _aloss of object
690 _amourning
690 _aneurosis
690 _anothing as object
690 _apsychosis
690 _arite
690 _atrouble of enunciation
690 _aweight
786 0 _nSavoirs et clinique | 13 | 1 | 2011-03-01 | p. 88-98 | 1634-3298
856 4 1 _uhttps://shs.cairn.info/revue-savoirs-et-cliniques-2011-1-page-88?lang=fr&redirect-ssocas=7080
999 _c1595338
_d1595338